000 01483nam0a2200337 4500
001 RU\NLR\BIBL_A\011972318
005 20200217130146.0
010 _a978-5-9221-1821-7
_9300
021 _aRU
_bКН-П-19-034990
_9КН-П-19-2585
035 _a(NLR Aleph) 011972318
090 _a11262879
_c11262879
100 _a20190327d2019 k y0rusy50 ca
101 0 _arus
102 _aRU
105 _aa|||z|||000zy
200 1 _aЛазерное зондирование окружающей среды: методы и средства
_e[монография]
_fР. Р. Агишев
210 _aМосква
_cФИЗМАТЛИТ
_d2019
215 _a261 с.
_cил., цв. ил.
_d22
225 1 _aФундаментальная и прикладная физика
300 _aНа 4-й с. обл. авт.: Р. Р. Агишев - проф., д.т.н.
320 _aБиблиогр.: с. 256-261 (95 назв.)
606 1 _aАтмосфера
_xЛазерное зондирование дистанционное
_2nlr_sh1
_2nlr_sh2
_3RU\NLR\AUTH\661398617
606 1 _aЛазерное зондирование дистанционное
_2nlr_sh1
_2nlr_sh2
_3RU\NLR\AUTH\66376819
686 1 _aД23в734.3
686 1 _aД131в734.3
700 1 _aАгишев
_bР. Р.
_gРавиль Рустемович
942 _cBOOK
980 _aNBR
980 _aNB